Internal combustion engines (Record no. 24482)

000 -LEADER
fixed length control field 00576nam a22002051 4500
001 - CONTROL NUMBER
control field 24482
003 - CONTROL NUMBER IDENTIFIER
control field BD-DhUET
008 - FIXED-LENGTH DATA ELEMENTS--GENERAL INFORMATION
fixed length control field 681231s1968 paua b 001 0 eng
040 ## - CATALOGING SOURCE
Original cataloging agency DLC
Transcribing agency DLC
Modifying agency BD-DhUET
082 00 - DEWEY DECIMAL CLASSIFICATION NUMBER
Classification number 621.43
Item number OBE/1968
100 ## - MAIN ENTRY--PERSONAL NAME
Personal name Obert, Edward F.
245 10 - TITLE STATEMENT
Title Internal combustion engines
250 ## - EDITION STATEMENT
Edition statement 3rd ed.
260 ## - PUBLICATION, DISTRIBUTION, ETC. (IMPRINT)
Place of publication, distribution, etc. Scranton
Name of publisher, distributor, etc. International Textbook
Date of publication, distribution, etc. 1968
300 ## - PHYSICAL DESCRIPTION
Extent xiii, 736p.
Other physical details illus
490 0# - SERIES STATEMENT
Series statement International textbooks in mechanical engineering
504 ## - BIBLIOGRAPHY, ETC. NOTE
Bibliography, etc Includes bibliographies
650 #0 - SUBJECT ADDED ENTRY--TOPICAL TERM
Topical term or geographic name as entry element Internal combustion engines
942 ## - ADDED ENTRY ELEMENTS (KOHA)
Koha item type General Book
Holdings
Shelving location Piece designation (barcode) Koha date last seen Koha item type Source of classification or shelving scheme Withdrawn status Price effective from Copy number Lost status Sublocation or collection (holding branch) Date acquired Koha normalized classification for sorting Koha issues (times borrowed) Damaged status Koha date last borrowed Location (home branch) Not for loan Koha full call number
Circulation section190632019-11-18General Book  2015-05-091 Central Library, BUET2015-05-09621_430000000000000_OBE_19682 2019-09-28Central Library, BUET 621.43/OBE/1968
Reading section320072015-06-16General Book  2015-06-162 Central Library, BUET2015-06-16621_430000000000000_OBE_1968   Central Library, BUET 621.43/OBE/1968
Reading section404372015-06-16Reading Item  2015-06-163 Central Library, BUET2015-06-16621_430000000000000_OBE_1968   Central Library, BUET 621.43/OBE/1968
Reading section190602015-06-23Reading Item  2015-06-234 Central Library, BUET2015-06-23621_430000000000000_OBE_1968   Central Library, BUET 621.43/OBE/1968
Reading section321172015-07-03Reading Item  2015-07-035 Central Library, BUET2015-07-03621_430000000000000_OBE_1968   Central Library, BUET 621.43/OBE/1968